Clave sinóptica para los géneros de palmas de Colombia (Registro nro. 15271)

Detalles MARC
000 -CABECERA
Campo de control 003750000a22001210004500
090 ## - CLASIFICACIÓN LOCAL
Colección AS
Consecutivo Seriadas
041 0# - IDIOMA
Código de idioma para texto/pista de sonido o título separado
100 1# - ASIENTO PRINCIPAL--NOMBRE PERSONAL
Nombre personal Galeano Garcés, Gloria
245 10 - MENCION DE TITULO
Título Clave sinóptica para los géneros de palmas de Colombia
700 1# - ASIENTO SECUNDARIO - NOMBRE PERSONAL
Nombre personal Bernal González, Rodrigo
773 1# - Item fuente:
Título Mutisia: Acta Botánica Colombiana
Especificación de materiales 893
Descripción física 69
Paginas del Articulo 1-23
Lugar, editorial y fecha de publicación 1986
942 ## - ELEMENTOS ADICIONALES (KOHA)
Tipo de ítem Artículo

No hay ítems disponibles.